| 000 | 00859nam a2200193 a 4500 | ||
|---|---|---|---|
| 001 | 000041884 | ||
| 005 | 20201002035818.0 | ||
| 008 | 131021s2000 sp a 000 0 spa d | ||
| 020 | _a8400079981 | ||
| 040 |
_aDO-SdBNP _bspa _cBNPHU |
||
| 082 |
_axxx _bA352t |
||
| 100 | 1 |
_aAlcina Franch, José. _968772 |
|
| 245 | 1 | 0 |
_aTemazcalli : _bhigiene, terapéutica, obstetricia y ritual en el nuevo mundo / _cJosé Alcina Franch. |
| 260 |
_aSevilla : _bEscuela de Estudios Hispano-Americanos de Sevilla, Consejo Superior de Investigaciones Científicas, _c2000. |
||
| 300 |
_a241 p. : _bil., maps ; _c20 cm. |
||
| 490 | 1 |
_aPublicaciones de la escuela de estudios hispano-americanos de la Universidad de Sevilla _v403 |
|
| 504 | _aBibliografía: p. 313-341 | ||
| 830 | 0 |
_aPublicaciones de la escuela de estudios hispano-americanos de la Universidad de Sevilla _n403 _968773 |
|
| 999 |
_c41373 _d41373 |
||